Statistics for Countries That Don't Repeat Letters in Their Names

Click here to take the quiz!

General Stats

  • This quiz has been taken 38 times
    (11 since last reset)
  • The average score is 34 of 54

Answer Stats

Answer% Correct
Chad
83%
Chile
83%
Cuba
83%
France
83%
Germany
83%
Iceland
83%
Iran
83%
Iraq
83%
Italy
83%
Kenya
83%
Mexico
83%
Norway
83%
Peru
83%
Poland
83%
Spain
83%
Belarus
67%
Belgium
67%
Brazil
67%
Cyprus
67%
Denmark
67%
Ecuador
67%
Egypt
67%
Hungary
67%
Ireland
67%
Israel
67%
Jordan
67%
Oman
67%
Portugal
67%
Serbia
67%
Slovenia
67%
Sudan
67%
Switzerland
67%
Syria
67%
Turkey
67%
Ukraine
67%
China
50%
Estonia
50%
Gabon
50%
Honduras
50%
Laos
50%
Maldives
50%
Mali
50%
Nepal
50%
Niger
50%
Suriname
50%
Tonga
50%
Uzbekistan
50%
Vietnam
50%
Bhutan
33%
Guinea
33%
Kuwait
33%
Libya
33%
Brunei
17%
Singapore
17%

Score Distribution

Percentile by Number Answered

Percent of People with Each Score

Your Score History

You have not taken this quiz since the last reset